1990年代に新規開業した駅 - Statistics

General Stats
  • This quiz has been taken 8 times
  • The average score is 9 of 132
Answer Stats
開業日 駅名 路線 % Correct
1997/10/01 佐久平 JR東日本 小海線
60%
1992/03/25 三国が丘 西日本鉄道 大牟田線
40%
1998/03/14 東松戸 JR東日本 武蔵野線
40%
1999/04/01 テクノさかき しなの鉄道線
40%
1990/03/29 大学前 近江鉄道 本線
20%
1990/04/01 東富岡 上信電鉄 上信線
20%
1990/04/04 いずみ中央 相模鉄道 いずみ野線
20%
1990/10/01 あかじ 平成筑豊鉄道 伊田線
20%
1991/03/16 さつき野 JR東日本 信越本線
20%
1991/03/16 吉野 JR九州 鹿児島本線
20%
1991/09/30 千鳥 JR九州 鹿児島本線
20%
1991/10/28 飯沼 明知鉄道 明知線
20%
1992/03/10 ハウステンボス JR九州 大村線
20%
1992/04/01 南阿蘇水の生まれる里白水高原 南阿蘇鉄道 高森線
20%
1992/07/15 平成 JR九州 豊肥本線
20%
1992/10/25 西黒崎 西日本鉄道 北九州本線
20%
1993/03/14 広川ビーチ JR西日本 紀勢本線
20%
1993/03/18 東山公園 JR西日本 山陰本線
20%
1994/03/01 高田 JR九州 長崎本線
20%
1994/04/01 公津の杜 京成電鉄 本線
20%
1994/08/20 大町 JR西日本 可部線
20%
1994/09/21 木津川台 近畿日本鉄道 京都線
20%
1994/10/01 安芸長浜 JR西日本 呉線
20%
1994/12/05 東尾道 JR西日本 山陽本線
20%
1994/12/07 練馬高野台 西武鉄道 池袋線
20%
1994/12/15 野志 明知鉄道 明知線
20%
1995/04/20 吉富 JR九州 日豊本線
20%
1995/07/27 鳥取大学前 JR西日本 山陰本線
20%
1995/09/04 岡女堂 北海道ちほく高原鉄道 ふるさと銀河線
20%
1995/10/28 美咲が丘 JR九州 筑肥線
20%
1995/12/22 印場 名古屋鉄道 瀬戸線
20%
1996/03/16 西有田 松浦鉄道 西九州線
20%
1996/05/28 西新宿 営団地下鉄 丸ノ内線
20%
1996/07/18 田吉 JR九州 日南線
20%
1996/09/01 緑が丘 JR北海道 富良野線
20%
1998/10/30 東静岡 JR東海 東海道本線
20%
1999/03/12 前橋大島 JR東日本 両毛線
20%
1999/03/22 田川市立病院 平成筑豊鉄道 伊田線
20%
1999/07/02 スペースワールド JR九州 鹿児島本線
20%
1990/03/10 けやき台 JR九州 鹿児島本線
0%
1990/03/10 長里 JR九州 長崎本線
0%
1990/03/10 くりこま高原 JR東日本 東北新幹線
0%
1990/04/01 内田 平成筑豊鉄道 田川線
0%
1990/07/01 知内 JR北海道 海峡線
0%
1990/07/01 サッポロビール庭園 JR北海道 千歳線
0%
1990/08/08 食と緑博覧会 JR九州 日南線
0%
1990/09/27 欽明路 JR西日本 岩徳線
0%
1990/10/01 大藪 平成筑豊鉄道 糸田線
0%
1990/10/24 北山 京都市営地下鉄 烏丸線
0%
1990/11/03 文化の森 JR四国 牟岐線
0%
1990/11/18 長者ヶ浜潮騒はまなす公園前 鹿島臨海鉄道 大洗鹿島線
0%
1990/11/28 水天宮前 営団地下鉄 半蔵門線
0%
1990/12/22 藤棚 平成筑豊鉄道 伊田線
0%
1991/03/16 栗東 JR西日本 東海道本線
0%
1991/03/16 徳田 伊勢鉄道 伊勢線
0%
1991/03/16 葛岡 JR東日本 仙山線
0%
1991/03/16 大浦 JR四国 予讃線
0%
1991/03/16 京セラ前 近江鉄道 本線
0%
1991/04/06 多摩境 京王帝都電鉄 相模原線
0%
1991/07/20 静内海水浴場 JR北海道 日高本線
0%
1991/08/07 京成幕張本郷 京成電鉄 千葉線
0%
1991/10/01 美夜古泉 平成筑豊鉄道 田川線
0%
1991/12/06 大阪教育大前 近畿日本鉄道 大阪線
0%
1991/12/14 豊田町 JR東海 東海道本線
0%
1992/03/14 小野上温泉 JR東日本 吾妻線
0%
1992/03/14 下新田 わたらせ渓谷鐵道 わたらせ渓谷線
0%
1992/03/19 呉ポートピア JR西日本 呉線
0%
1992/04/01 下伊田 平成筑豊鉄道 伊田線
0%
1992/06/19 天王洲アイル 東京モノレール 東京モノレール羽田線
0%
1992/07/08 新鎌ヶ谷 新京成電鉄 新京成線
0%
1992/09/07 常盤 水島臨海鉄道 水島本線
0%
1992/09/10 仁愛グランド前 京福電気鉄道 三国芦原線
0%
1992/10/22 六地蔵 JR西日本 奈良線
0%
1992/12/03 地区センター 山万 ユーカリが丘線
0%
1993/03/18 守内かさ神 錦川鉄道 錦川清流線
0%
1993/03/20 西神南 神戸市営地下鉄 西神・山手線
0%
1993/04/01 羽田 京浜急行電鉄 空港線
0%
1993/04/18 岸里玉出 南海電気鉄道 南海本線 / 高野線
0%
1993/09/21 近鉄宮津 近畿日本鉄道 京都線
0%
1993/10/01 佐賀公園 土佐くろしお鉄道 中村線
0%
1993/10/19 東新川 上毛電気鉄道 上毛線
0%
1993/11/01 県立美術館通 土佐電気軌道 後免線
0%
1993/11/15 ふじみ野 東武鉄道 東上本線
0%
1994/03/01 舞松原 JR九州 香椎線
0%
1994/04/10 循環器病センター 上毛電気鉄道 上毛線
0%
1994/07/23 きりはまビーチ JR西日本 山陰本線
0%
1994/09/04 南草津 JR西日本 東海道本線
0%
1994/09/23 緑化フェア梅小路 JR西日本 山陰本線
0%
1994/10/03 本山 松浦鉄道 西九州線
0%
1995/03/16 尾頭橋 JR東海 東海道本線
0%
1995/03/16 ほしみ JR北海道 函館本線
0%
1995/03/17 七見 のと鉄道 能登線
0%
1995/04/01 印西牧の原 北総開発鉄道 北総線
0%
1995/04/20 干拓の里 島原鉄道線
0%
1995/07/21 源じいの森 平成筑豊鉄道 田川線
0%
1995/08/10 南若松 会津鉄道 会津線
0%
1995/10/01 湖遊館新駅 一畑電鉄 北松江線
0%
1995/12/01 井川さくら JR東日本 奥羽本線
0%
1995/12/24 京橋 岡山電気軌道 東山本線
0%
1995/12/25 大岡小前 くりはら田園鉄道線
0%
1996/03/16 鍼灸大学前 JR西日本 山陰本線
0%
1996/03/16 有備館 JR東日本 陸羽東線
0%
1996/07/01 世界焱博 松浦鉄道 西九州線
0%
1996/10/01 甲南山手 JR西日本 東海道本線
0%
1996/10/01 八頭高校前 若桜鉄道 若桜線
0%
1997/03/08 今宮 JR西日本 大阪環状線
0%
1997/03/16 ときめき 新潟交通 電車線
0%
1997/03/22 黒川 松浦鉄道 西九州線
0%
1997/03/22 一本松 JR九州 日田彦山線
0%
1997/03/22 ふれあい生力 平成筑豊鉄道 伊田線
0%
1997/03/22 松山 平成筑豊鉄道 糸田線
0%
1997/03/25 板倉東洋大前 東武鉄道 日光線
0%
1997/04/01 八王子みなみ野 JR東日本 横浜線
0%
1997/09/20 ハーモニーホール 福井鉄道 福武線
0%
1997/09/30 溜池山王 営団地下鉄 銀座線
0%
1997/10/01 あきた白神 JR東日本 五能線
0%
1997/10/01 今井 JR東日本 信越本線
0%
1997/12/27 上越国際スキー場前 JR東日本 上越線
0%
1998/03/14 紫波中央 JR東日本 東北本線
0%
1998/03/14 ひたち野うしく JR東日本 常磐線
0%
1998/03/14 オレンジタウン JR四国 高徳線
0%
1998/05/07 千歳町 長崎電気軌道 本線
0%
1999/03/13 すえたちばな 松浦鉄道 西九州線
0%
1999/03/13 厚狭 JR西日本 山陽新幹線
0%
1999/04/01 尾上高校前 弘南鉄道 弘南線
0%
1999/05/07 交通センター前 南海電気鉄道 貴志川線
0%
1999/06/11 ラベンダー畑 JR北海道 富良野線
0%
1999/08/07 あまや 会津鉄道 会津線
0%
1999/11/25 新鎌ヶ谷 東武鉄道 野田線
0%
1992/12/03 空港第2ビル JR東日本 成田線 / 京成電鉄 本線
0%
1998/09/01 JA広島病院前 広島電鉄 宮島線
0%
1997/03/08 JR藤森 JR西日本 奈良線
0%
No matching quizzes found
Score Distribution
Percent of People with Each Score
Percentile by Number Answered
Your Score History
You have not taken this quiz